Оригинальные Названия Стран - Statistics

General Stats
  • This quiz has been taken 464 times
  • The average score is 10 of 22
Answer Stats
Самоназвание (кириллицей) Страна % Correct
Дойчланд Германия
93%
Чжунго Китай
83%
Словенско Словакия
82%
Швайц Швейцария
73%
Нихон Япония
66%
Суоми Финляндия
65%
Эллада Греция
64%
Свериге Швеция
60%
Остеррайх Австрия
55%
Бхарат Индия
54%
Сакартвело Грузия
49%
Мадьярорсаг Венгрия
43%
Хангук Южная Корея
43%
Ээсти Эстония
42%
Миср Египет
39%
Хайастан Армения
31%
Эйре Ирландия
27%
Шкипария Албания
25%
Аль-Джазаир Алжир
23%
Друк Бутан
11%
Аотеароа Новая Зеландия
10%
Морис Маврикий
3%
No matching quizzes found
Score Distribution
Percent of People with Each Score
Percentile by Number Answered
Your Score History
You have not taken this quiz